000 00940nam a2200241 a 4500
001 82119
003 BD-RjUL
005 20231016104221.0
008 231016s2013 bg a|||| m||| 00| 0 eng d
035 _a(BD-RjUL)82119
040 _aBD-RjUL
_beng
_cBD-RjUL
_dBD-RjUL
041 _aeng
082 _223
_a641.3318
_bISI 2013
100 _aIslam, Md. Nazrul
245 1 0 _aIrrigation Practice in Rice Cultivation and Its Sustainability in Bangladesh :
_bIssues and Challenges /
_cBy Md. Nazrul Islam ;
_6Supervisor : M. Mostafa Kamal
260 _aRajshahi :
_bInstitute of Bangladesh Studies, University of Rajshahi,
_c2013
300 _axxv, 264 Leaves :
_bill, ;
_c29 cm.
502 _aThesis (Ph. D.) -- Institute of Bangladesh Studies, University of Rajshahi, 2013
504 _aBibliography : Leaves [165]-171
650 _aRice
_vIrrigation
_xFood and Drink
_99566
700 _aKamal, M. Mostafa, Supervisor
_91265
942 _2ddc
_cTHE
999 _c82119
_d82119